Study on a modified biofilm SBR for phosphorus and nitrogen removal /
Saved in:
| Main Author: | |
|---|---|
| Format: | Thesis Book |
| Language: | English |
| Published: |
1998.
|
| Subjects: | |
| Tags: |
Add Tag
No Tags, Be the first to tag this record!
|
| LEADER | 00885cam a2200241 a 4500 | ||
|---|---|---|---|
| 001 | u443207 | ||
| 003 | SIRSI | ||
| 008 | 990805s1998 si v 00 eng m | ||
| 035 | |a ACH-7296 | ||
| 040 | |a UMM | ||
| 090 | |a TD758.5 |b N58Dai | ||
| 100 | 1 | 0 | |a Dai, Weiming. |
| 245 | 1 | 0 | |a Study on a modified biofilm SBR for phosphorus and nitrogen removal / |c by Dai Weiming. |
| 260 | |c 1998. | ||
| 300 | |a xiv, 156 leaves : |b ill. ; |c 30 cm. | ||
| 502 | |a Dissertation (M.Sc.) -- National University of Singapore, 1998. | ||
| 504 | |a Bibliography: leaves 145-156. | ||
| 650 | 0 | |a Sewage |x Purification |x Sequencing batch reactor process. | |
| 650 | 0 | |a Sewage |x Purification |x Nitrogen removal | |
| 650 | 0 | |a Sewage |x Purification |x Phosphate removal. | |
| 948 | |a 10/08/1999 |b 03/12/2001 | ||
| 596 | |a 1 | ||
| 999 | |a TD758.5 N58DAI |w LC |c 1 |i A509000388 |d 24/10/2011 |e 24/10/2011 |l STACKS |m P01UTAMA |n 1 |r Y |s Y |t TESIS |u 18/4/2000 | ||
